Zaokrouhlování výsledku v analytické chemii + disketa

Salvato in:
Dettagli Bibliografici
Autore principale: Ševčík, Jiři G.K (Autore)
Natura: Libro
Lingua:ceco
Pubblicazione: Praha : Ševčík,J.G.K.-Consultancy, 2002
Tags: Aggiungi Tag
Nessun Tag, puoi essere il primo ad aggiungerne!!

MARC

LEADER 00000nam a22000003a 4500
001 stu82639
005 20150617225634.5
008 031201s2002----xr------------------cze-d
020 |a 80-903103-0-3 
040 |a STU  |b slo 
041 0 |a cze 
044 |a xr 
080 |a 543 
100 1 |a Ševčík, Jiři G.K.  |4 aut 
245 1 |a Zaokrouhlování výsledku v analytické chemii + disketa 
260 |a Praha :  |b Ševčík,J.G.K.-Consultancy,  |c 2002 
300 |a 37 s. Tabulky 
996 |b C97204  |c C*97204  |l CCX  |s P  |a 0  |w stu82639_0001